1471 1756 1048 1810 1049 1711 1110 1120 1766 1417 1821 1610 1727 1806 1721 1283 1485 1905 1719 1973 1395 1850 1887 1179 1650 1827 1483 1924 1757 1897 1029 1669 1218 1047 1287 1706 1703 1188 1525 1242 1966 1646 1505 1658 1299 1739 1734 1843 1982 1890 1911 1952 1149 1203 1509 1851 1514 1923 1066 1280 1133 1694 1427 1820 1428 1677 1303 1952 1768 1128 1601 1751 1475 1134 1252 1907 1433 1253 1138 1267 1781 1904 1572 1537 1011 1617 1644 1728 1040 1661 1276 1679 1168 1569 1005 1872 1781 1871 1632 BCNSPRNW ULIB Ver.6.0+V

เปลี่ยนเป็นภาษาไทย

Change to English
 แสดงรายละเอียดบรรณานุกรม
  กลับหน้าหลัก

Brief Record : Get Marc (ISO 2709) : E-mail record : QR code < ปิดหน้าต่าง
LEADER : 00000nam 2200000uu 4500
001    13399128978
003     ULIB
008    241204s2566||||th 000 0 tha d
020    ^a9786169301035
050  4 ^aHQ767.5.T5^bก728ท
100 0  ^aกุลภา วจนสาระ
245 10 ^aทางเลือกกับความเหลื่อมล้ำของบริการทำแท้งหลังการแก้กฎหมาย /^cกุลภาวจนสาระ, กฤตยา อาชวนิจกุล
250    ^aพิมพ์ครั้งที่ 1
260    ^aนครปฐม :^bสมาคมนักวิจัยประชากรและสังคม,^c2566
300    ^a(7), 172 หน้า :^bภาพประกอบ ;^c25 ซม.
650  4 ^aการทำแท้ง^zไทย
650  4 ^aการทำแท้ง^xกฎหมายและระเบียบข้อบังคับ
650  4 ^aการทำแท้ง^xแง่ศีลธรรมจรรยา
650  4 ^aครรภ์ไม่พึงประสงค์
700 0  ^aกฤตยา อาชวนิจกุล
945    ^p0^l0^i011208
999    ^aประนอม เกษจรัล
รายการนี้ยังไม่มีแท็ก
คุณยังไม่ได้ล็อกอิน คุณสามารถมีกิจกรรมร่วมกับเว็บไซต์ได้ แต่ต้องล็อกอินก่อน ::
  ล็อกอิน

รายการสื่อสารสนเทศ

ลำดับที่ ประเภท เลขเรียก/บาร์โค้ด สถานที่ สถานะ
1. การศึกษาทั่วไป
การศึกษาทั่วไป
HQ767.5.T5 ก728ท ฉ.1 
  Barcode: 011208
ห้องสมุดวิทยาเขตสวรรค์ประชารักษ์
►หนังสือทั่วไป
บนชั้น

รายการใกล้เคียง
    ผู้แต่ง [กุลภา วจนสาระ]

    หัวเรื่อง [ครรภ์ไม่พึงประสงค์]

BibComment


ยังไม่เคยถูกคอมเมนท์

คอมเมนท์ทรัพยากรรายการนี้
  คอมเมนท์: ทางเลือกกับความเ..


 Copyright 2026. Bcnsprnw @Library